Los elementos de la civilización y carácter españoles /

Rafael Altamira se propone con estas páginas señalar y explicar los rasgos esencialmente característicos del pueblo español en su historia. Comienza por valorar las influencias recibidas mediante las sucesivas penetraciones extranjeras, traza luego las características esenciales del modo de ser espa...

Descripció completa

Guardat en:
Dades bibliogràfiques
Autor principal: Altamira y Crevea, Rafael (autor)
Format: Llibre
Idioma:espanyol
Publicat: Buenos Aires, Argentina : Losada, 1950, c1950
Col·lecció:(Panoramas Losada)
Matèries:
Etiquetes: Afegir etiqueta
Sense etiquetes, Sigues el primer a etiquetar aquest registre!

MARC

LEADER 00000nam^a2200000^a^4500
001 000128049
005 20250521000000.0
009 20260310094823.503
037 |a Acervo ITESO - Biblioteca 
041 |a ESP 
082 |a 946.  |b ALT 
100 |a Altamira y Crevea, Rafael  |e (autor) 
245 1 4 |a Los elementos de la civilización y carácter españoles /  |c R. Altamira y Crevea. 
264 4 |a Buenos Aires, Argentina :  |b Losada,  |c 1950, c1950 
300 |a 292 p. 
336 |a texto  |b txt  |2 rdacontenido 
337 |a sin mediación  |b n  |2 rdamedio 
338 |a volumen  |b nc  |2 rdasoporte 
440 1 |a (Panoramas Losada) 
520 |a Rafael Altamira se propone con estas páginas señalar y explicar los rasgos esencialmente característicos del pueblo español en su historia. Comienza por valorar las influencias recibidas mediante las sucesivas penetraciones extranjeras, traza luego las características esenciales del modo de ser español y termina con un análisis de las aportaciones hechas por España a la civilicación occidental. 
649 |a XX 
650 |a Política -  |z España -  |x Historia 
650 |a Derecho -  |z España -  |x Historia 
650 |a Religión -  |z España -  |x Historia 
650 |a Filosofía -  |z España -  |x Historia 
650 |a Cultura -  |z España -  |x Historia 
650 |a Arte Español -  |x Historia y Crítica 
650 |a España -  |x Historia 
910 |a Fondo Salvador Reynoso Reynoso 
920 |a Impresos - Libros 
930 |a Fondos Especiales 
905 |a 112 
901 |a 0800010032  |b IT2  |c ESP  |u 20250521 
902 |a https://opac.biblio.iteso.mx/vufind/Record/000128049